Structure and meaning in English : a guide for teachers

Bibliographic Details
Main Author: Kennedy, Graeme
Format: Book
Published: Harlow : Pearson Eduction Ltd. , 2003
Subjects:

MARC

LEADER 00000cam a2200000 7i4500
001 0000082817
005 20040824.0
020 |a 0582506328 
090 0 0 |a 428.07   |b KEN 
100 1 |a Kennedy, Graeme 
245 1 0 |a Structure and meaning in English :   |b a guide for teachers   |c Graeme Kennedy 
260 |a Harlow :   |b Pearson Eduction Ltd. ,   |c 2003 
300 |a 390p. ;   |c 24cm. 
650 0 0 |a English language   |x Grammar   |x Study and teaching 
650 0 0 |a English language   |x Study and teaching   |x Foreign speakers 
999 |a 00173090   |b BUKU   |c RUJUKAN   |e PERPUSTAKAAN KOMUNITI PETALING JAYA